Fundamentals of corporate finance / (Record no. 348165)
[ view plain ]
| 000 -LEADER | |
|---|---|
| fixed length control field | 01075 a2200229 4500 |
| 020 ## - INTERNATIONAL STANDARD BOOK NUMBER | |
| International Standard Book Number | 0071215581 (hardcover) |
| 020 ## - INTERNATIONAL STANDARD BOOK NUMBER | |
| International Standard Book Number | 9780071215589 (hardcover) |
| 082 04 - DEWEY DECIMAL CLASSIFICATION NUMBER | |
| Classification number | 658.15 |
| 090 ## - LOCALLY ASSIGNED LC-TYPE CALL NUMBER (OCLC); LOCAL CALL NUMBER (RLIN) | |
| -- | 5765 |
| -- | 5765 |
| 100 1# - MAIN ENTRY--PERSONAL NAME | |
| Personal name | Brealey, Richard A. |
| 245 10 - TITLE STATEMENT | |
| Title | Fundamentals of corporate finance / |
| Statement of responsibility, etc. | Richard A. Brealey, Stewart C. Myers, Alan J. Marcus. |
| 250 ## - EDITION STATEMENT | |
| Edition statement | 4th ed. |
| 260 ## - PUBLICATION, DISTRIBUTION, ETC. | |
| Place of publication, distribution, etc. | [S.l.] : |
| Name of publisher, distributor, etc. | McGraw-Hill Companies, |
| Date of publication, distribution, etc. | 2003. |
| 300 ## - PHYSICAL DESCRIPTION | |
| Extent | 736 p. ; |
| Dimensions | 28 cm. |
| 490 1# - SERIES STATEMENT | |
| Series statement | Mcgraw-hill/irwin series in finance, insurance, and real estate. |
| 520 ## - SUMMARY, ETC. | |
| Summary, etc. | This text balances core coverage of the fundamental topics in corporate finance with an emphasis on modern business decision-making. The key principles and mechanics of the time value of money - a central concept - are carefully detailed and illustrated. |
| 700 1# - ADDED ENTRY--PERSONAL NAME | |
| Personal name | Myers, Stewart C. |
| 700 1# - ADDED ENTRY--PERSONAL NAME | |
| Personal name | Marcus, Alan J. |
| 830 #0 - SERIES ADDED ENTRY--UNIFORM TITLE | |
| Uniform title | Mcgraw-hill/irwin series in finance, insurance, and real estate. |
| 856 40 - ELECTRONIC LOCATION AND ACCESS | |
| Materials specified | Amazon.com |
| Uniform Resource Identifier | <a href="http://www.amazon.com/exec/obidos/ASIN/0071215581/chopaconline-20">http://www.amazon.com/exec/obidos/ASIN/0071215581/chopaconline-20</a> |
| 942 ## - ADDED ENTRY ELEMENTS (KOHA) | |
| Institution code [OBSOLETE] | NBS |
| Koha item type | Book |
| Call number prefix | 658.1520 BRE |
| Withdrawn status | Lost status | Damaged status | Not for loan | Permanent Location | Current Location | Date acquired | Total Checkouts | Full call number | Barcode | Date last seen | Price effective from | Koha item type |
|---|---|---|---|---|---|---|---|---|---|---|---|---|
| Central Library (CL) | Central Library (CL) | 08/28/2013 | 658.1520 BRE | NBS7660 | 08/28/2013 | 08/28/2013 | Book |
